000 00712nam a2200241Ia 4500
003 OSt
005 20220928102049.0
006 a|||||r|||| 00| 0
007 ta
008 220927b |||||||| |||| 00| 0 eng d
024 _a6080
037 _cTextual
040 _aSDCL
_cSDCL
_beng
041 _2eng
_aeng
082 _aV1(Q7):24'P, P4
100 _aAbou El Fadl Khaled
_9396332
245 0 _aIslam and the challenge of democracy
_bA boston review book
260 _aNew Jersey
_bPrinceton University Press
_c2004
300 _a139p
_ccm.
650 _aDemocracy Muslim Countries
_9396333
942 _hV1(Q7):24'P, P4
_cTEXL
_2CC
999 _c712046
_d712046